[Event "XVI C.to Mondiale seniores"]
[Site "Arvier ITA"]
[Date "2006.09.18"]
[Round "7"]
[White "Zhelesny, Stanislav"]
[Black "Serra Olives, Tomas"]
[Result "1-0"]
[WhiteElo "2235"]
[BlackElo "2140"]
[PlyCount "75"]
[EventDate "2006.09.11"]

1. Nf3 Nf6 2. g3 d5 3. d4 c6 4. Bg2 Bf5 5. O-O e6 6. c4 Be7 7. b3 h6 8. Bb2 O-O
9. Nc3 Nbd7 10. Nd2 Rc8 11. Rc1 a6 12. e4 dxe4 13. Ndxe4 Nxe4 14. Nxe4 Nf6 15.
f3 Qb6 16. Kh1 Rfd8 17. Qe2 Rd7 18. Bc3 Rcd8 19. Qb2 Bxe4 20. fxe4 Bb4 21. e5
Ng4 22. c5 Qa5 23. Bxb4 Qxb4 24. Rc4 Qa5 25. Ra4 Qb5 26. Re1 Qd3 27. Be4 Qxd4
28. Rxd4 Rxd4 29. Bf3 Rd2 30. Qxd2 Rxd2 31. Bxg4 Rxa2 32. Rd1 Rb2 33. Rd8+ Kh7
34. Rd7 Rxb3 35. Rxf7 Re3 36. Rxb7 Rxe5 37. Rb6 Rxc5 38. Rxa6 1-0

[Event "XVI C.to Mondiale seniores"]
[Site "Arvier ITA"]
[Date "2006.09.19"]
[Round "8"]
[White "Andersson, Kaj"]
[Black "Rosino, Antonio"]
[Result "1/2-1/2"]
[WhiteElo "2138"]
[BlackElo "2290"]
[PlyCount "51"]
[EventDate "2006.09.11"]

1. e4 e5 2. Nf3 Nc6 3. Bb5 a6 4. Ba4 Nf6 5. d3 d6 6. c3 Be7 7. Nbd2 O-O 8. Nf1
b5 9. Bb3 Na5 10. Bc2 c5 11. Ng3 Re8 12. O-O g6 13. Bg5 Nc6 14. Bb3 Bf8 15. Qd2
Bg7 16. Nh4 Be6 17. Bd5 Qc7 18. Bxe6 Rxe6 19. f4 exf4 20. Ne2 Nh5 21. Nxf4 Nxf4
22. Bxf4 Ne5 23. Nf3 Nxf3+ 24. Rxf3 c4 25. Raf1 f6 26. Rd1 1/2-1/2

[Event "XVI C.to Mondiale seniores"]
[Site "Arvier ITA"]
[Date "2006.09.19"]
[Round "8"]
[White "Barlocco, Carlo"]
[Black "Profaizer, Gino"]
[Result "1-0"]
[WhiteElo "2183"]
[BlackElo "2060"]
[PlyCount "57"]
[EventDate "2006.09.11"]

1. g3 d5 2. Bg2 c5 3. Nf3 Nc6 4. O-O Nf6 5. d4 Bf5 6. c4 e6 7. Nc3 Be7 8. cxd5
exd5 9. Bg5 c4 10. Ne5 Ne4 11. Bxe7 Nxe7 12. Qa4+ Nc6 13. Nxe4 dxe4 14. Nxc6
Qd7 15. Qxc4 bxc6 16. Rfc1 Rc8 17. Qc5 h5 18. Qe5+ Kf8 19. Bxe4 Bxe4 20. Qxe4
Rh6 21. Rc5 h4 22. Rac1 hxg3 23. hxg3 Rd6 24. d5 Re8 25. dxc6 Rxe4 26. cxd7
Rxd7 27. R1c2 Red4 28. f3 Ke7 29. Kf2 1-0

[Event "XVI C.to Mondiale seniores"]
[Site "Arvier ITA"]
[Date "2006.09.19"]
[Round "8"]
[White "Boey, Josef Martin"]
[Black "Jansa, Vlastimil"]
[Result "0-1"]
[WhiteElo "2277"]
[BlackElo "2482"]
[PlyCount "82"]
[EventDate "2006.09.11"]

1. e4 c5 2. Nf3 e6 3. d4 cxd4 4. Nxd4 Nf6 5. Nc3 d6 6. Be2 Be7 7. O-O O-O 8.
Be3 a6 9. a4 Nc6 10. Nb3 b6 11. f4 Bb7 12. Bf3 Qc7 13. Qe2 Rfe8 14. Qf2 Nd7 15.
g4 Bf8 16. g5 Rab8 17. Rad1 Ba8 18. Be2 Nb4 19. Rd2 Nc5 20. Nxc5 bxc5 21. Bf3
Nc6 22. b3 c4 23. bxc4 Na5 24. Be2 Nxc4 25. Bxc4 Qxc4 26. Ne2 Qxe4 27. Ng3 Qxa4
28. f5 e5 29. g6 f6 30. Qe2 Rec8 31. Rfd1 d5 32. Qh5 h6 33. Bxh6 gxh6 34. g7
Bc5+ 35. Kg2 Qf4 36. h4 Rb4 37. Kh3 d4 38. c3 Bf3 39. Qg6 Qg4+ 40. Qxg4 Bxg4+
41. Kh2 dxc3 0-1

[Event "XVI C.to Mondiale seniores"]
[Site "Arvier ITA"]
[Date "2006.09.19"]
[Round "8"]
[White "Bukal, Vladimir sr"]
[Black "Karl, Hans"]
[Result "1-0"]
[WhiteElo "2414"]
[BlackElo "2240"]
[PlyCount "51"]
[EventDate "2006.09.11"]

1. c4 e5 2. Nc3 Nf6 3. Nf3 d6 4. d4 Nbd7 5. g3 Be7 6. Bg2 c6 7. e4 O-O 8. O-O
Qc7 9. h3 Re8 10. Be3 Nf8 11. Qc2 Ng6 12. Rad1 Be6 13. b3 h6 14. Rfe1 Nh7 15.
Kh2 Rf8 16. Ng1 Bg5 17. Qd2 Bxe3 18. Rxe3 f5 19. d5 f4 20. Rd3 cxd5 21. Nxd5
fxg3+ 22. Rxg3 Qf7 23. Rxg6 Ng5 24. Rxg5 hxg5 25. Nf3 g4 26. Ng5 1-0

[Event "XVI C.to Mondiale seniores"]
[Site "Arvier ITA"]
[Date "2006.09.19"]
[Round "8"]
[White "Chernikov, Oleg L."]
[Black "Laco, Giuseppe"]
[Result "1-0"]
[WhiteElo "2422"]
[BlackElo "2143"]
[PlyCount "141"]
[EventDate "2006.09.11"]

1. d4 Nf6 2. c4 c6 3. Nc3 d5 4. Nf3 g6 5. Bf4 Qa5 6. cxd5 Nxd5 7. Bd2 Nxc3 8.
Bxc3 Qd5 9. Nd2 Bg7 10. e4 Qd8 11. Nb3 O-O 12. Be2 b6 13. O-O a5 14. Rc1 Ba6
15. a4 e6 16. Bxa6 Rxa6 17. Na1 Qh4 18. Qe2 Rd8 19. Rfd1 Bh6 20. Rb1 Ra7 21.
Nc2 Nd7 22. b4 Nf6 23. f3 Nh5 24. g3 Qe7 25. bxa5 bxa5 26. Qc4 Bg7 27. Kg2 Qd7
28. Ne3 Nf6 29. Qe2 h5 30. Nc4 Qc7 31. Qe1 Rda8 32. Nb6 Re8 33. Bxa5 Qd8 34.
Bc3 Nd7 35. a5 Nf8 36. Nc4 g5 37. Qe3 Ra8 38. Bb4 Qf6 39. Bd6 Ng6 40. Rb7 Bh6
41. Ra1 g4 42. f4 Ra6 43. Rd7 Nf8 44. Be5 Qg6 45. Rb7 Rea8 46. Bd6 f6 47. Bc5
h4 48. Bb6 Qh5 49. Qb3 hxg3 50. Qxg3 Ng6 51. Rf1 f5 52. Ne5 Nxe5 53. dxe5 Rxa5
54. Bxa5 Rxa5 55. Qb3 Qh3+ 56. Qxh3 Ra2+ 57. Rf2 gxh3+ 58. Kg3 Rxf2 59. Kxf2
Bxf4 60. exf5 Bxe5 61. fxe6 Bxh2 62. Rf7 Bd6 63. Rd7 Bc5+ 64. Kg3 Kf8 65. Kxh3
Be7 66. Kg4 c5 67. Kf5 Ke8 68. Kg6 Bh4 69. Ra7 Bf2 70. Kf5 Kd8 71. e7+ 1-0

[Event "XVI C.to Mondiale seniores"]
[Site "Arvier ITA"]
[Date "2006.09.19"]
[Round "8"]
[White "Etmans, Maarten D."]
[Black "Zhelesny, Stanislav"]
[Result "1/2-1/2"]
[WhiteElo "2159"]
[BlackElo "2235"]
[PlyCount "107"]
[EventDate "2006.09.11"]

1. e4 c6 2. d4 d5 3. e5 Bf5 4. Nf3 e6 5. a3 Nd7 6. Be2 Ne7 7. O-O Bg6 8. Re1
Nf5 9. b3 Be7 10. c4 O-O 11. Nc3 c5 12. cxd5 cxd4 13. Nxd4 Nxe5 14. Nxf5 exf5
15. f4 Bc5+ 16. Kh1 Nd7 17. b4 Bb6 18. Bb2 Nf6 19. Bf3 Bc7 20. Qd4 Bb6 21. Qd2
Qd7 22. Re2 Bh5 23. Bxh5 Nxh5 24. Rae1 Qd6 25. g3 a6 26. Re5 Qg6 27. d6 Qg4 28.
Qe2 Nf6 29. Qxg4 Nxg4 30. Rd5 Ne3 31. Rd3 Nc4 32. Bc1 Rfe8 33. Rxe8+ Rxe8 34.
d7 Re1+ 35. Kg2 Bd8 36. Rd4 b5 37. Bd2 Re6 38. a4 f6 39. axb5 axb5 40. Nxb5
Re2+ 41. Kf3 Rxd2 42. Rxc4 Rxd7 43. Rd4 Rxd4 44. Nxd4 g6 45. Ke3 Kf7 46. Kd3
Bb6 47. Kc4 Ke7 48. Kd5 Kd7 49. b5 h6 50. Nf3 Bf2 51. Nh4 Bg1 52. Nxg6 Bxh2 53.
b6 Bxg3 54. b7 1/2-1/2

[Event "XVI C.to Mondiale seniores"]
[Site "Arvier ITA"]
[Date "2006.09.19"]
[Round "8"]
[White "Gabriel, Josef"]
[Black "Altshul, Raffael"]
[Result "0-1"]
[WhiteElo "2204"]
[BlackElo "2291"]
[PlyCount "136"]
[EventDate "2006.09.11"]

1. c4 e5 2. Nc3 Nc6 3. g3 Bc5 4. Nf3 d6 5. Bg2 Nge7 6. O-O a6 7. e3 Nf5 8. a3
a5 9. Rb1 O-O 10. b3 Re8 11. d3 h6 12. Qc2 Bd7 13. Rd1 Rb8 14. Nd5 Be6 15. b4
Ba7 16. b5 Nce7 17. d4 Nxd5 18. cxd5 Bd7 19. dxe5 dxe5 20. Qc3 f6 21. d6 Be6
22. Qxc7 Bb6 23. Qc2 Nxd6 24. Nh4 Qc8 25. Qg6 Bf7 26. Bd5 Bxd5 27. Rxd5 Qe6 28.
e4 Rbd8 29. Bxh6 Qf7 30. Qg4 Bxf2+ 31. Kg2 f5 32. Qxg7+ Qxg7 33. Bxg7 Nxe4 34.
Rxd8 Rxd8 35. Bxe5 Rd2 36. Rb2 Rd5 37. Bc7 Be1 38. a4 Bb4 39. Ng6 Kf7 40. Ne5+
Ke6 41. Nf3 Nc3 42. Rc2 Nxa4 43. Bxa5 Bxa5 44. Ra2 Kf6 45. Rxa4 Rxb5 46. Ra2
Rd5 47. Rb2 b5 48. Rb3 Bc7 49. h4 Bd6 50. Kh3 b4 51. Ng5 Rd4 52. Re3 Be5 53.
Nh7+ Ke6 54. h5 Kd5 55. Ng5 Rd1 56. Kg2 f4 57. Rf3 fxg3 58. Rb3 Rd2+ 59. Kh3
Rh2+ 60. Kg4 g2 61. Nf3 Bc3 62. Kg3 Rh1 63. Kxg2 Rd1 64. Kf2 Kc4 65. Ke2 Rh1
66. Nd2+ Bxd2 67. Rg3 Rh2+ 68. Kd1 Bc3 0-1

[Event "XVI C.to Mondiale seniores"]
[Site "Arvier ITA"]
[Date "2006.09.19"]
[Round "8"]
[White "Gutzeit, Avraham"]
[Black "Beggi, Pierluigi"]
[Result "1-0"]
[WhiteElo "2079"]
[BlackElo "2151"]
[PlyCount "49"]
[EventDate "2006.09.11"]

1. e4 c5 2. Nf3 d6 3. d4 cxd4 4. Nxd4 Nf6 5. Nc3 e6 6. Be3 a6 7. Be2 Be7 8. Qd2
b5 9. a3 O-O 10. g4 Bb7 11. f3 Nbd7 12. g5 Ne8 13. O-O-O Nb6 14. f4 d5 15. exd5
Nxd5 16. Nxd5 Bxd5 17. Rhg1 Nd6 18. f5 Ne4 19. Qe1 Kh8 20. Nc6 Bxc6 21. Rxd8
Raxd8 22. f6 gxf6 23. gxf6 Bxf6 24. Bd3 Rc8 25. Bh6 1-0

[Event "XVI C.to Mondiale seniores"]
[Site "Arvier ITA"]
[Date "2006.09.19"]
[Round "8"]
[White "Jakobsen, Ole"]
[Black "Siegmund, Rainer"]
[Result "1-0"]
[WhiteElo "2387"]
[BlackElo "2154"]
[PlyCount "41"]
[EventDate "2006.09.11"]

1. d4 Nf6 2. c4 e6 3. Nf3 b6 4. Nc3 Bb4 5. Qb3 c5 6. Bg5 h6 7. Bh4 g5 8. Bg3 g4
9. Nd2 cxd4 10. Qxb4 Nc6 11. Qa3 dxc3 12. Qxc3 Rg8 13. h3 d6 14. hxg4 e5 15.
Rxh6 Nxg4 16. Rh1 Bf5 17. Bh4 f6 18. f3 Nh6 19. g4 Bh7 20. Bf2 Rg6 21. Be3 1-0

[Event "XVI C.to Mondiale seniores"]
[Site "Arvier ITA"]
[Date "2006.09.19"]
[Round "8"]
[White "Kaminik, Aleksandar"]
[Black "Karasev, Vladimir I."]
[Result "1-0"]
[WhiteElo "2226"]
[BlackElo "2379"]
[PlyCount "101"]
[EventDate "2006.09.11"]

1. d4 b5 2. e4 Bb7 3. Nd2 a6 4. Ngf3 e6 5. Bd3 c5 6. c3 d6 7. O-O Nd7 8. a4 c4
9. Bc2 Ngf6 10. Qe2 e5 11. b3 cxb3 12. Bxb3 Be7 13. axb5 axb5 14. Bb2 O-O 15.
Qxb5 Rb8 16. dxe5 Bxe4 17. Qa5 dxe5 18. Qxd8 Rfxd8 19. Ba3 Bxa3 20. Rxa3 Nc5
21. Bc4 Bd3 22. Rfa1 Bxc4 23. Nxc4 e4 24. Nd4 Rf8 25. Nc6 Rb7 26. Ra7 Rxa7 27.
Rxa7 g6 28. Nd6 Nfd7 29. Kf1 Kg7 30. Ke2 Kf6 31. Ke3 Ke6 32. Nxe4 Nxe4 33. Kxe4
Kd6 34. Nd4 Nf6+ 35. Kd3 Ng4 36. f3 Ne5+ 37. Ke4 f5+ 38. Kf4 Nd7 39. c4 Rb8 40.
Nb5+ Ke6 41. h4 Rc8 42. Rc7 Rxc7 43. Nxc7+ Kd6 44. Na6 Kc6 45. Kg5 Kb6 46. Kh6
Ne5 47. Kxh7 Nxc4 48. Kxg6 Ne3 49. h5 Nxg2 50. h6 Nh4+ 51. Kf6 1-0

[Event "XVI C.to Mondiale seniores"]
[Site "Arvier ITA"]
[Date "2006.09.19"]
[Round "8"]
[White "Loktiev, Ivan"]
[Black "Ofstad, Per"]
[Result "1/2-1/2"]
[WhiteElo "2383"]
[BlackElo "2151"]
[PlyCount "82"]
[EventDate "2006.09.11"]

1. d4 d5 2. c4 c6 3. Qc2 Nf6 4. Nf3 g6 5. Bf4 Bg7 6. h3 O-O 7. e3 Nbd7 8. Nc3
dxc4 9. Bxc4 Nb6 10. Be2 Nfd5 11. Nxd5 Nxd5 12. Bg5 Qa5+ 13. Qd2 Qxd2+ 14. Kxd2
h6 15. Bh4 Bf5 16. Bc4 Rfe8 17. Ke2 Be4 18. Rhd1 Nb6 19. Bb3 Rad8 20. Rac1 Bd5
21. Bxd5 Nxd5 22. Bg3 e6 23. Be5 f6 24. Bg3 Rd7 25. Nd2 h5 26. Bh2 Kf7 27. g4
hxg4 28. hxg4 Rh8 29. Bg3 g5 30. Ne4 Bf8 31. Rh1 Rxh1 32. Rxh1 Kg7 33. Bb8 Rd8
34. Bg3 Be7 35. a3 Kg6 36. Nc5 Bxc5 37. dxc5 f5 38. gxf5+ exf5 39. Bd6 Re8 40.
Kd3 Nf6 41. Ke2 Ne4 1/2-1/2

[Event "XVI C.to Mondiale seniores"]
[Site "Arvier ITA"]
[Date "2006.09.19"]
[Round "8"]
[White "Neri, Angelo"]
[Black "Wagman, Stuart"]
[Result "1/2-1/2"]
[WhiteElo "1981"]
[BlackElo "2125"]
[PlyCount "27"]
[EventDate "2006.09.11"]

1. e4 e5 2. Nf3 Nc6 3. Bb5 Nf6 4. O-O Nxe4 5. Re1 Nd6 6. Nxe5 Nxe5 7. Rxe5+ Be7
8. Bf1 O-O 9. d4 Bf6 10. Re1 Nf5 11. c3 d5 12. Bf4 Be6 13. Bd3 g6 14. Nd2
1/2-1/2

[Event "XVI C.to Mondiale seniores"]
[Site "Arvier ITA"]
[Date "2006.09.19"]
[Round "8"]
[White "Plachetka, Jan"]
[Black "Klovans, Janis"]
[Result "0-1"]
[WhiteElo "2427"]
[BlackElo "2433"]
[PlyCount "66"]
[EventDate "2006.09.11"]

1. e4 e5 2. Nf3 Nc6 3. Bb5 a6 4. Ba4 Nf6 5. O-O Be7 6. Bxc6 dxc6 7. d3 Nd7 8.
Nbd2 O-O 9. Nc4 f6 10. Nh4 Nc5 11. Nf5 Bxf5 12. exf5 Qd5 13. Qg4 Rfe8 14. Be3
e4 15. b4 Na4 16. Qxe4 Bxb4 17. Qg4 b5 18. Bh6 Qf7 19. Ne3 Bc3 20. Rab1 Be5 21.
d4 Bd6 22. Nd1 Re7 23. Rb3 Rae8 24. Be3 c5 25. dxc5 Nxc5 26. Ra3 Na4 27. Rb3
Re4 28. Qf3 Qc4 29. g3 Qxc2 30. Nb2 Nc3 31. Kg2 Nxa2 32. Qd1 Qxd1 33. Rxd1 Rb4
0-1

[Event "XVI C.to Mondiale seniores"]
[Site "Arvier ITA"]
[Date "2006.09.19"]
[Round "8"]
[White "Serra Olives, Tomas"]
[Black "Giani, Franco"]
[Result "1-0"]
[WhiteElo "2140"]
[BlackElo "2043"]
[PlyCount "67"]
[EventDate "2006.09.11"]

1. e4 c5 2. Nf3 Nc6 3. d4 cxd4 4. Nxd4 g6 5. c4 Bg7 6. Be3 Nf6 7. Nc3 O-O 8.
Nc2 d6 9. Be2 b6 10. O-O Bb7 11. Qd2 Rc8 12. f3 Ne5 13. b3 Kh8 14. Bh6 Rg8 15.
Bxg7+ Rxg7 16. Ne3 Qd7 17. f4 Neg4 18. e5 Nxe3 19. exf6 exf6 20. Qxe3 Re8 21.
Qd4 g5 22. Qxf6 gxf4 23. Bf3 Bxf3 24. Rxf3 Qg4 25. Rf2 Reg8 26. Re1 Qg5 27. Nd5
h5 28. Qxg5 Rxg5 29. Nxf4 h4 30. Re4 f5 31. Re7 a6 32. Nd5 h3 33. g3 b5 34. Nf6
1-0

[Event "XVI C.to Mondiale seniores"]
[Site "Arvier ITA"]
[Date "2006.09.19"]
[Round "8"]
[White "Sorokin, Valentin"]
[Black "Spassov, Liuben D."]
[Result "1/2-1/2"]
[WhiteElo "2337"]
[BlackElo "2387"]
[PlyCount "23"]
[EventDate "2006.09.11"]

1. d4 Nf6 2. Nf3 e6 3. c4 b6 4. g3 Bb4+ 5. Bd2 a5 6. Bg2 O-O 7. Nc3 Ba6 8. Ne5
c6 9. Rc1 d5 10. cxd5 cxd5 11. O-O Nbd7 12. Nf3 1/2-1/2

[Event "XVI C.to Mondiale seniores"]
[Site "Arvier ITA"]
[Date "2006.09.19"]
[Round "8"]
[White "Taksrud, Vidar"]
[Black "Speijer, Nico Bram"]
[Result "1-0"]
[WhiteElo "2120"]
[BlackElo "2201"]
[PlyCount "89"]
[EventDate "2006.09.11"]

1. Nf3 Nf6 2. c4 g6 3. Nc3 Bg7 4. g3 O-O 5. Bg2 d6 6. d4 Nbd7 7. O-O e5 8. h3
c6 9. Bg5 h6 10. Be3 Qe7 11. c5 dxc5 12. dxe5 Nxe5 13. Nxe5 Qxe5 14. Qd2 Kh7
15. Rad1 Bd7 16. Bf4 Qe6 17. Ne4 Nxe4 18. Qxd7 Nf6 19. Qxb7 Nd5 20. Bxd5 cxd5
21. Qxd5 Rfe8 22. Qxe6 Rxe6 23. Rd2 Rae8 24. Be3 Bd4 25. Bxd4 cxd4 26. Re1 Kg7
27. Kf1 Rb8 28. b3 Ra6 29. Rc1 Rb4 30. Ke1 Kf6 31. Kd1 Ke5 32. Rc7 f5 33. Rdc2
Rbb6 34. Kd2 g5 35. Kd3 Rd6 36. R2c5+ Rd5 37. a4 Rb6 38. Kc4 Rxc5+ 39. Rxc5+
Ke6 40. b4 f4 41. gxf4 gxf4 42. b5 Rb8 43. Kxd4 Rg8 44. Ke4 Rg2 45. Rc6+ 1-0

[Event "XVI C.to Mondiale seniores"]
[Site "Arvier ITA"]
[Date "2006.09.19"]
[Round "8"]
[White "Tatai, Stefano"]
[Black "Donchenko, Anatoly G."]
[Result "1/2-1/2"]
[WhiteElo "2361"]
[BlackElo "2405"]
[PlyCount "20"]
[EventDate "2006.09.11"]

1. e4 Nf6 2. e5 Nd5 3. d4 d6 4. Nf3 Bg4 5. Be2 c6 6. c4 Nb6 7. exd6 exd6 8. O-O
Be7 9. b3 O-O 10. Nc3 a5 1/2-1/2

[Event "XVI C.to Mondiale seniores"]
[Site "Arvier ITA"]
[Date "2006.09.19"]
[Round "8"]
[White "Tavcar, Rado"]
[Black "Manukyan, Aleksan"]
[Result "0-1"]
[WhiteElo "2112"]
[BlackElo "2195"]
[PlyCount "146"]
[EventDate "2006.09.11"]

1. e4 e6 2. d4 d5 3. Nc3 Nf6 4. Bg5 dxe4 5. Nxe4 Be7 6. Bxf6 gxf6 7. Nf3 b6 8.
Bd3 Bb7 9. Qe2 Qd5 10. Ng3 Nc6 11. c3 f5 12. Bc4 Qa5 13. O-O f4 14. b4 Qa3 15.
Ne4 a5 16. b5 Nd8 17. Rfd1 Rg8 18. Ne1 Bh4 19. Nd3 Qf8 20. Nxf4 Qh6 21. Nd3 f5
22. Ng3 f4 23. Nxf4 Qxf4 24. Bd3 Rg7 25. Ne4 Nf7 26. g3 Be7 27. Re1 Qh6 28. f4
O-O-O 29. Qf2 Rdg8 30. Re3 Nd6 31. Nxd6+ Bxd6 32. Be4 Bd5 33. Kh1 Qh3 34. Bxd5
exd5 35. Rae1 Qd7 36. a4 h5 37. Qf3 Qf5 38. Re8+ Kd7 39. Rxg8 Rxg8 40. Rg1 Re8
41. Rf1 Qe4 42. Kg2 c6 43. bxc6+ Kxc6 44. Qxe4 dxe4 45. Rb1 h4 46. Kf2 hxg3+
47. hxg3 Rh8 48. Ke3 Rh3 49. Rg1 Kd5 50. c4+ Kxc4 51. Kxe4 Ba3 52. g4 Rd3 53.
g5 Rxd4+ 54. Kf3 Bb2 55. f5 Rd3+ 56. Ke4 Rd4+ 57. Kf3 Kd5 58. g6 Rxa4 59. g7
Bxg7 60. Rxg7 Ke5 61. Re7+ Kxf5 62. Ke3 Kf6 63. Re8 Kf7 64. Re5 Rc4 65. Kd3 Rc6
66. Kd4 Re6 67. Rh5 Rc6 68. Rb5 Ke7 69. Rh5 Kd7 70. Rh7+ Kd6 71. Rh6+ Kc7 72.
Rh7+ Kb8 73. Kd5 Rc7 0-1

[Event "XVI C.to Mondiale seniores"]
[Site "Arvier ITA"]
[Date "2006.09.19"]
[Round "8"]
[White "Wagner, Carl E."]
[Black "Arkhangelsky, Boris"]
[Result "1/2-1/2"]
[WhiteElo "2209"]
[BlackElo "2395"]
[PlyCount "53"]
[EventDate "2006.09.11"]

1. e4 c5 2. Nf3 d6 3. d4 cxd4 4. Nxd4 Nf6 5. Nc3 Nc6 6. f3 e6 7. Be3 a6 8. Qd2
d5 9. exd5 Nxd5 10. Nxd5 Qxd5 11. Nxc6 Qxd2+ 12. Bxd2 bxc6 13. Bd3 Be7 14. Be4
Bb7 15. f4 O-O-O 16. O-O-O c5 17. Bxb7+ Kxb7 18. Ba5 Rxd1+ 19. Rxd1 Kc6 20. c4
Bd6 21. Bd2 f5 22. Re1 Re8 23. a3 a5 24. b3 Kb6 25. Kc2 Re7 26. g3 h5 27. h4
1/2-1/2

[Event "XVI C.to Mondiale seniores"]
[Site "Arvier ITA"]
[Date "2006.09.19"]
[Round "8"]
[White "Westerinen, Heikki M.J."]
[Black "Hvenekilde, Jorgen"]
[Result "1/2-1/2"]
[WhiteElo "2378"]
[BlackElo "2181"]
[PlyCount "76"]
[EventDate "2006.09.11"]

1. e4 e5 2. Bc4 Nf6 3. d3 c6 4. Nc3 d5 5. Bb3 dxe4 6. Bg5 exd3 7. Nf3 h6 8. Bh4
d2+ 9. Qxd2 Qxd2+ 10. Kxd2 Nfd7 11. Rae1 f6 12. Nd4 g5 13. Bg3 Nc5 14. Ne4
Nxb3+ 15. Nxb3 Be7 16. h4 Rf8 17. hxg5 hxg5 18. Rh7 Bf5 19. Rg7 Nd7 20. f4 gxf4
21. Bxf4 Bxe4 22. Rxe4 O-O-O 23. Ke2 Nc5 24. Rc4 Ne6 25. Rxe7 Nxf4+ 26. Kf3 Rd7
27. Rxd7 Kxd7 28. Nc5+ Kc8 29. Ra4 a6 30. Rb4 Rf7 31. g3 Nd5 32. Rh4 f5 33. c4
e4+ 34. Ke2 Nf6 35. Ne6 Kd7 36. Nd4 Ne8 37. Rf4 Ng7 38. g4 Ne6 1/2-1/2

[Event "XVI C.to Mondiale seniores"]
[Site "Arvier ITA"]
[Date "2006.09.19"]
[Round "8"]
[White "Zakharov, Alexander"]
[Black "Keserovic, Milan"]
[Result "1-0"]
[WhiteElo "2395"]
[BlackElo "2230"]
[PlyCount "143"]
[EventDate "2006.09.11"]

1. e4 e5 2. Nf3 Nc6 3. Bb5 a6 4. Ba4 Nf6 5. O-O Be7 6. Re1 b5 7. Bb3 O-O 8. d4
d6 9. c3 Bg4 10. d5 Na5 11. Bc2 c6 12. h3 Bd7 13. Nxe5 dxe5 14. d6 Ne8 15. dxe7
Qxe7 16. b3 c5 17. Nd2 Nc7 18. Nf1 Rad8 19. Qf3 Nc6 20. Ne3 Be6 21. Nf5 Qf6 22.
Be3 Bxf5 23. exf5 c4 24. bxc4 bxc4 25. Qg4 h6 26. Qxc4 Rc8 27. a4 Ne7 28. Qe4
Ncd5 29. Bd2 Nxc3 30. Qxe5 Qxe5 31. Rxe5 Ned5 32. Bb3 Nf6 33. Rae1 Rfd8 34.
Bxc3 Rxc3 35. R1e3 Rxe3 36. fxe3 Rd3 37. Bc4 Ra3 38. a5 Kf8 39. Bxa6 Nd7 40.
Rb5 Rxe3 41. Bc8 Nf6 42. a6 Ra3 43. Re5 Ne8 44. Rd5 Nf6 45. Rc5 Ke7 46. Rc6 Ne8
47. Bb7 Kd7 48. g4 Nd6 49. Rb6 Kc7 50. Rb2 Kb8 51. Kg2 Ka7 52. Rb4 Rd3 53. Rb2
Ra3 54. Re2 Nxb7 55. axb7 Rb3 56. Re8 Rxb7 57. Rg8 h5 58. Rxg7 hxg4 59. h4 Kb6
60. h5 Kc5 61. Kg3 Kd5 62. h6 Rb6 63. h7 Rh6 64. Rxf7 Ke5 65. Kxg4 Rh1 66. Kg5
Rg1+ 67. Kh6 Rh1+ 68. Kg7 Rg1+ 69. Kf8 Rh1 70. Kg8 Rg1+ 71. Rg7 Ra1 72. h8=Q
1-0

[Event "XVI C.to Mondiale seniores"]
[Site "Arvier ITA"]
[Date "2006.09.19"]
[Round "8"]
[White "Zelkind, Eduard"]
[Black "Cebalo, Miso"]
[Result "0-1"]
[WhiteElo "2232"]
[BlackElo "2505"]
[PlyCount "124"]
[EventDate "2006.09.11"]

1. Nf3 Nf6 2. g3 g6 3. Bg2 Bg7 4. O-O O-O 5. d3 d6 6. e4 c5 7. Nbd2 Nc6 8. c3
Bd7 9. Re1 Rc8 10. a4 a6 11. Nf1 b5 12. axb5 axb5 13. Bd2 Ng4 14. Qc2 b4 15. h3
Nge5 16. Nxe5 Nxe5 17. f4 Nc6 18. Ne3 Ra8 19. Kh2 Ra5 20. Nc4 Rxa1 21. Rxa1 Qc7
22. Qd1 Rb8 23. Ra6 Bc8 24. Ra4 Be6 25. Ra6 Bxc4 26. dxc4 bxc3 27. bxc3 Nd8 28.
Qa4 Ne6 29. f5 Nf8 30. Ra7 Qd8 31. Bg5 Bf6 32. Bxf6 exf6 33. Qc6 Rb6 34. Qa4
Kg7 35. h4 Rb2 36. Qc6 h5 37. Kh3 g5 38. Ra6 Qe7 39. Qxd6 g4+ 40. Kh2 Rxg2+ 41.
Kxg2 Qxe4+ 42. Kf2 Qxf5+ 43. Ke1 Ng6 44. Rb6 Ne5 45. Rb8 Qe4+ 46. Kd1 Qf3+ 47.
Kc2 Qxg3 48. Qf8+ Kg6 49. Qg8+ Kf5 50. Qh7+ Kf4 51. Qh6+ Ke4 52. Qh7+ f5 53.
Re8 Qd3+ 54. Kb2 Qxc4 55. Qh8 f6 56. Qxh5 Qb5+ 57. Kc1 Qd3 58. Qg6 Qxc3+ 59.
Kb1 Qe1+ 60. Ka2 Qxh4 61. Qg8 Qf2+ 62. Ka1 Qd4+ 0-1

[Event "XVI C.to Mondiale seniores"]
[Site "Arvier ITA"]
[Date "2006.09.20"]
[Round "9"]
[White "Altshul, Raffael"]
[Black "Zakharov, Alexander"]
[Result "1/2-1/2"]
[WhiteElo "2291"]
[BlackElo "2395"]
[PlyCount "47"]
[EventDate "2006.09.11"]

1. e4 c5 2. Nc3 Nc6 3. d3 g6 4. Be3 d6 5. d4 cxd4 6. Bxd4 Nf6 7. Bxf6 exf6 8.
Bd3 Bg7 9. Nge2 O-O 10. O-O Ne5 11. Qd2 f5 12. exf5 Nxd3 13. Qxd3 Bxf5 14. Qd2
Rc8 15. Nd4 Qf6 16. Rad1 Qxd4 17. Qxd4 Bxd4 18. Rxd4 Bxc2 19. Rd2 Bf5 20. Rxd6
Rfd8 21. Rfd1 Rxd6 22. Rxd6 Kf8 23. f3 Ke7 24. Rd4 1/2-1/2

[Event "XVI C.to Mondiale seniores"]
[Site "Arvier ITA"]
[Date "2006.09.20"]
[Round "9"]
[White "Arkhangelsky, Boris"]
[Black "Piankov, Evgenij"]
[Result "0-1"]
[WhiteElo "2395"]
[BlackElo "2324"]
[PlyCount "52"]
[EventDate "2006.09.11"]

1. d4 d5 2. c4 c6 3. Nf3 Nf6 4. e3 a6 5. Bd3 g6 6. Nc3 Bg7 7. b3 O-O 8. Bb2 b5
9. O-O Nbd7 10. Qe2 Rb8 11. Rac1 bxc4 12. bxc4 Qa5 13. Rc2 Rxb2 14. Nxd5 Rxc2
15. Nxe7+ Kh8 16. Qxc2 Bb7 17. Rb1 Qc7 18. Qb3 Ba8 19. Qa3 Re8 20. d5 cxd5 21.
Nxd5 Nxd5 22. cxd5 Bxd5 23. Bxa6 Kg8 24. Bb5 Ra8 25. Qd3 Bxa2 26. Rd1 Ne5 0-1

[Event "XVI C.to Mondiale seniores"]
[Site "Arvier ITA"]
[Date "2006.09.20"]
[Round "9"]
[White "Beggi, Pierluigi"]
[Black "Krasevec, Viktor"]
[Result "1-0"]
[WhiteElo "2151"]
[BlackElo "2065"]
[PlyCount "59"]
[EventDate "2006.09.11"]

1. d4 Nf6 2. c4 e6 3. Nf3 d5 4. cxd5 exd5 5. Bg5 h6 6. Bf4 Bd6 7. Bxd6 Qxd6 8.
Nc3 c6 9. e3 Bf5 10. Bd3 Bxd3 11. Qxd3 Nbd7 12. O-O O-O 13. Rac1 Rfe8 14. b4 a6
15. Ne2 Ne4 16. a3 g5 17. Ne1 Qe7 18. f3 Nd6 19. Nc2 Nb6 20. Ng3 a5 21. Rce1
axb4 22. axb4 Qf6 23. e4 Qg6 24. Ne3 dxe4 25. fxe4 Nxe4 26. Ng4 Nd5 27. Rxe4
Rxe4 28. Qxe4 Qxe4 29. Nxe4 Nf4 30. Nxh6+ 1-0

[Event "XVI C.to Mondiale seniores"]
[Site "Arvier ITA"]
[Date "2006.09.20"]
[Round "9"]
[White "Bitzer, Dieter"]
[Black "Scarpellini, Felice"]
[Result "1-0"]
[WhiteElo "1980"]
[BlackElo "1913"]
[PlyCount "73"]
[EventDate "2006.09.11"]

1. e4 d6 2. Nf3 g6 3. d4 Bg7 4. Be3 c6 5. c3 Nf6 6. Bd3 Bg4 7. h3 Bxf3 8. Qxf3
e5 9. Nd2 Nbd7 10. Qe2 O-O 11. Nf3 b5 12. Qd2 Qc7 13. Bh6 a6 14. Bxg7 Kxg7 15.
O-O c5 16. d5 c4 17. Bc2 Nc5 18. Rfe1 a5 19. g4 Qd7 20. Nh2 Rfb8 21. f3 b4 22.
Nf1 b3 23. axb3 Nxb3 24. Bxb3 cxb3 25. Kh2 a4 26. Ra3 Rb7 27. Rea1 Rba7 28. Qd3
Ne8 29. Nd2 Qb7 30. Qe3 Qb5 31. c4 Qc5 32. Qxc5 dxc5 33. Nxb3 Rb8 34. Nxc5
Rxb2+ 35. Kg3 Rc7 36. Nxa4 Rxc4 37. Nxb2 1-0

[Event "XVI C.to Mondiale seniores"]
[Site "Arvier ITA"]
[Date "2006.09.20"]
[Round "9"]
[White "Bondick, Karl-Heinz"]
[Black "Zelkind, Eduard"]
[Result "1-0"]
[WhiteElo "2154"]
[BlackElo "2232"]
[PlyCount "69"]
[EventDate "2006.09.11"]

1. d4 Nf6 2. c4 e6 3. Nc3 d5 4. Bg5 Be7 5. Nf3 Nbd7 6. Qc2 O-O 7. e3 a6 8. a3
b6 9. cxd5 exd5 10. Bd3 Bb7 11. O-O c5 12. dxc5 bxc5 13. Rad1 h6 14. Bh4 Qc7
15. Qe2 Rfe8 16. Bb1 Bd6 17. Qc2 d4 18. exd4 Bxf3 19. gxf3 Bxh2+ 20. Kg2 cxd4
21. Rxd4 Be5 22. Rg4 g6 23. Rxg6+ fxg6 24. Qxg6+ Kf8 25. Qxh6+ Ke7 26. Nd5+ Kd6
27. Nxc7 Rh8 28. Qd2+ Kxc7 29. Rc1+ Kb6 30. f4 Rxh4 31. fxe5 Rg8+ 32. Kf3 Nxe5+
33. Ke2 Re8 34. Qd6+ Nc6+ 35. Kf3 1-0